000 00298nam a2200109Ia 4500
008 190914s9999||||xx |||||||||||||| ||und||
100 _aVaneesa Jakeman
245 0 _aCambridge Insight into IELTS Extra with Answers
260 _aCambridge
_bCambridge University
_c2004
300 _a630
942 _cBK
999 _c9100
_d9100